Paula Montal : (Record n. 36560)
[ formato base ]
| 000 -LEADER | |
|---|---|
| fixed length control field | 00842nam a2200241 i 4500 |
| 003 - CONTROL NUMBER IDENTIFIER | |
| control field | IT-RoINE |
| 005 - DATE AND TIME OF LATEST TRANSACTION | |
| control field | 20220126132508.0 |
| 008 - FIXED-LENGTH DATA ELEMENTS--GENERAL INFORMATION | |
| fixed length control field | 130701s2013 sp a |r|||| 000 |dspa d |
| 040 ## - CATALOGING SOURCE | |
| Original cataloging agency | SpMaBN |
| Language of cataloging | spa |
| Transcribing agency | SpMaBN IT-RoINE |
| Description conventions | rdc |
| Modifying agency | IT-RoINE |
| 044 ## - COUNTRY OF PUBLISHING/PRODUCING ENTITY CODE | |
| MARC country code | it |
| -- | sp |
| 100 1# - MAIN ENTRY--PERSONAL NAME | |
| Personal name | Labarta, María Luisa, |
| 9 (RLIN) | 7389 |
| Titles and other words associated with a name | Sch.P. |
| 245 10 - TITLE STATEMENT | |
| Title | Paula Montal : |
| Remainder of title | novedad de un carisma y su espiritualidad / |
| Statement of responsibility, etc | Mª Luisa Labarta |
| 260 ## - PUBLICATION, DISTRIBUTION, ETC. (IMPRINT) | |
| Place of publication, distribution, etc | Roma : |
| Name of publisher, distributor, etc | [s.n.], |
| Date of publication, distribution, etc | 2013 |
| Place of manufacture | (Zaragoza : |
| Manufacturer | ARPIrelieve) |
| 300 ## - PHYSICAL DESCRIPTION | |
| Extent | 77 p. : |
| Other physical details | il. col. ; |
| Dimensions | 19 cm. |
| 336 ## - CONTENT TYPE | |
| Content type term | Texto (visual) |
| Source | isbdcontent |
| 337 ## - MEDIA TYPE | |
| Source | rdamedia |
| Media type term | unmediated |
| 338 ## - CARRIER TYPE | |
| Source | rdacarrier |
| Carrier type term | volume |
| 490 1# - SERIES STATEMENT | |
| Series statement | Espiritualidad escolapia ; |
| Volume number/sequential designation | 25 |
| 600 04 - SUBJECT ADDED ENTRY--PERSONAL NAME | |
| Personal name | Paula Montal, |
| Titles and other words associated with a name | Santa, |
| Dates associated with a name | 1799-1889 |
| 9 (RLIN) | 15563 |
| 610 24 - SUBJECT ADDED ENTRY--CORPORATE NAME | |
| Corporate name or jurisdiction name as entry element | Escolapias |
| General subdivision | Vida espiritual |
| 9 (RLIN) | 70861 |
| 830 #0 - SERIES ADDED ENTRY--UNIFORM TITLE | |
| 9 (RLIN) | 17712 |
| Uniform title | Espiritualidad escolapia ; |
| Volume number/sequential designation | 25 |
| 942 ## - ADDED ENTRY ELEMENTS (KOHA) | |
| Item type | Monografías |
| Withdrawn status | Lost status | Damaged status | Not for loan | Home library | Current library | Date acquired | Total Checkouts | Full call number | Barcode | Date last seen | Price effective from | Koha item type |
|---|---|---|---|---|---|---|---|---|---|---|---|---|
| Iglesia Nacional Española en Roma | Iglesia Nacional Española en Roma | 26/01/2022 | BIO 2774 | 64157 | 26/01/2022 | 26/01/2022 | Monografías |